000 00602nam a2200229Ia 4500
003 OSt
005 20221006164258.0
006 a|||||r|||| 00| 0
007 ta
008 221006b |||||||| |||| 00| 0 hin d
024 _a5,000
037 _cTextual
040 _aFML
_cFML
_bhin
041 _2hin
_ahin
082 _aP152, 6i4k, X4
100 _aTiwari Bhola Nath Ed.
245 0 _aHindi Muhawara Kosh
260 _allahabad
_bKitab Mahal India
_c1964
300 _a548
_ccm.
942 _hP152, 6i4k, X4
_cTEXL
_2CC
999 _c1116717
_d1116717